000 00583nam a2200229Ia 4500
003 OSt
005 20230707093901.0
008 210324s9999||||xx |||||||||||||| ||und||
020 _a0435550713
040 _cSTCPL
041 _aENG
082 _a530.09
_bGEO-T
100 _aGamow, George
245 0 _aThirty years that shook physics :
_bThe story of quantum theory /
_cby George Gamow
260 _aNew Delhi :
_bHeinemann,
_c1972.
300 _a224 p.
_bHB
650 _aPhysics
650 _aQuantum Mechanics
650 _aQuantum Theory
942 _cBK
942 _2ddc
999 _c17861
_d17861